| 000 -LEADER |
| fixed length control field |
01803nam a22001817a 4500 |
| 082 ## - DEWEY DECIMAL CLASSIFICATION NUMBER |
| Classification number |
Civil 0175 |
| Item number |
2025 c.1 |
| 100 ## - MAIN ENTRY--AUTHOR NAME |
| Personal name |
Ballesteros, Kyla Saguilla., author. |
| 245 ## - TITLE STATEMENT |
| Title |
Total quality management and organization performance in Tuguegarao city's construction industry [manuscript] / Kyla S. Ballesteros, John Guiller E. Del Rosario, Dulce Atanacio. |
| 260 ## - PUBLICATION, DISTRIBUTION, ETC. (IMPRINT) |
| Year of publication |
©2025. |
| 300 ## - PHYSICAL DESCRIPTION |
| Number of Pages |
xiii, 84 pages ; |
| Other physical details |
28 cm. |
| 500 ## - GENERAL NOTE |
| General note |
Thesis (B.S.) -- Cagayan State University, 2025. |
| 520 ## - SUMMARY, ETC. |
| Summary, etc |
In the year 2024, Tuguegarao City received its lowest economic growth over the past years. Considering the contribution of the construction industry in the economic growth, the researchers underscore the philosophy on dynamic improvement, the Total Quality Management. The study examined the relationship between Total Quality Management practices and organizational performance in construction companies in Tuguegarao City, Cagayan. A standardized survey questionnaire was used to gather data from 20 respondents. The results showed that most companies had 5-10 years of experience and held small or medium Inter-Agency Committee licenses. The study found a strong positive relationship between TQM dimensions and organizational performance, with Organizational Culture and Top Management Commitment and Leadership being the most influential predictors. A multiple regression analysis confirmed that 84.50% of performance variance could be explained by TQM practices. The study concludes that strategic OC and TMCL focus is crucial for improving organizational performance and recommends a framework for effective TQM implementation in construction companies.
|
| 650 ## - SUBJECT ADDED ENTRY--TOPICAL TERM |
| Topical Term |
Construction |
| 650 ## - SUBJECT ADDED ENTRY--TOPICAL TERM |
| Topical Term |
Management |
| 700 ## - ADDED ENTRY--PERSONAL NAME |
| Personal name |
Del Rosario, John Guiller E. |
| 700 ## - ADDED ENTRY--PERSONAL NAME |
| Personal name |
Siriban, Dulce A. |
| 942 ## - ADDED ENTRY ELEMENTS (KOHA) |
| Koha item type |
Academic Research |